000 00573nam a2200229Ia 4500
003 OSt
005 20221005132129.0
006 a|||||r|||| 00| 0
007 ta
008 221004b |||||||| |||| 00| 0 tam d
024 _a49958
037 _cTextual
040 _aCRL
_cCRL
_btam
041 _2tam
_atam
082 _aO31,3N262,1, J8
100 _aChelvanayakam Au.
_9640633
245 0 _aThamboolarani
260 _c1958
650 _aTAMIL FICTION
942 _hO31,3N262,1, J8
_cTEXL
_2cc
999 _c1062513
_d1062513